Jednostki z gry Twierdza Krzyżowiec Edycja Ostateczna - Statystyki

Ogólne statystyki
  • Ten quiz został rozwiązany 7 razy
  • Średni wynik to 25 z 35
Statystyki odpowiedzi
Typ Jednostka % Poprawnych
Arabska Asasyn
100%
Oblężnicza Balista
100%
Oblężnicza Katapulta
100%
Europejska Kusznik
100%
Europejska Łucznik
100%
Arabska Niewolnik
100%
Europejska Pikinier
100%
Europejska Rycerz
100%
Oblężnicza Taran
100%
Oblężnicza Trebusz
100%
Arabska Arabski łucznik
83%
Arabska Arabski zbrojny
83%
Arabska Łucznik konny
83%
Arabska Miotacz bomb ogniowych
83%
Europejska Pałkarz
83%
Arabska Procarz
83%
Oblężnicza Wieża oblężnicza
83%
Europejska Włócznik
83%
Europejska Zbrojny
83%
Oblężnicza Balista ogniowa
67%
Inna Drabiniarz
67%
Beduińska Eunuch
67%
Beduińska Harcownik
67%
Inna Inżynier
67%
Inna Kopacz
67%
Oblężnicza Mangonela
67%
Inna Mnich
67%
Beduińska Burzyciel
50%
Oblężnicza Przenośna tarcza
50%
Beduińska Saper
33%
Beduińska Wielbłąd pancerny
33%
Beduińska Czatownik
17%
Beduińska Lansjer na wielbłądzie
17%
Beduińska Medyk
17%
Inna Strażnik Świątynny
17%
Nie znaleziono quizów pasujących do podanych kryteriów
Rozkład punktacji
Procent ludzi z każdym wynikiem
Percentyl według liczby udzielonych odpowiedzi
Twoja historia wyników
Nie rozwiązałeś tego quizu